000
00258nam a22001097a 4500
008
170112b xxu||||| |||| 00| 0 eng d
020
_a
9780781764063
041
_a
eng
080
_2
6TH
_a
618.2
245
_a
FUNDAMENTALS OF NURSING
_c
KLUWER, W
942
_2
udc
_c
BK
999
_c
2790
_d
2790